Statistiques concernant Focus sur: Legolas Vertefeuille - Tolkien

Cliquez ici pour prendre le quiz!

Statistiques générales

  • Ce quiz a été pris 213 fois
  • Le résultat moyen est 7 sur 11

Statistiques - réponses

Informations recherchéesRéponses% Correct
EspèceElfe
98%
Première apparitionLe Seigneur des Anneaux: La Communauté de l'Anneau
94%
Age durant lequel il vécutTroisième/Quatrième
87%
RoyaumeRoyaume Sylvestre de Thranduil
84%
Acteur l'interprétant dans les filmsOrlando Bloom
83%
Groupe auquel il appartientFraternité de l'Anneau
82%
PèreThranduil
78%
ForêtForêt de Grand'Peur
77%
Groupe de l'espèceSindar
38%
Contrée (ultérieurement)Ithilien
22%
MèreEvranï
6%

Distribution des résultats

Percentile par nombre de réponses

% des personnes avec chaque résultat

Votre développement - résultats

Vous n’avez pas pris ce quiz